| 000 | 00725cab a2200217 4500 | ||
|---|---|---|---|
| 001 | WB3121-02 | ||
| 008 | 090401t1995 xxu||||| |||| 00| 0 eng d | ||
| 035 | _a(Sirsi) u16452 | ||
| 041 | _aeng | ||
| 245 | _aCDM supervisors name their price | ||
| 260 | _c1995 | ||
| 350 | _a0 | ||
| 490 |
_aContract Journal _v378(6026) 25 May 1995, 6(1) |
||
| 520 | _aClients and contractors report that fees for the planning supervisor introduced by CDM are making up to 0.5-3% of project costs. Pros and cons of charging extra fees for carrying out this role. | ||
| 650 | _aCONDAM REGULATIONS | ||
| 650 | _aPLANNING SUPERVISOR | ||
| 650 | _aPROFESSIONAL FEES | ||
| 690 | _aBUILT ENVIRONMENT | ||
| 942 | _n0 | ||
| 948 | _c04/03/1997 | ||
| 999 |
_c10833 _d10833 |
||